Most Popular Songs in USA 7/13/2024 - Statistics

General Stats
  • This quiz has been taken 10 times
  • The average score is 9 of 15
Answer Stats
Rank Artist (Version) Answer Streams Radio Airplay Sales % Correct
4. Sabrina Carpenter Espresso 28.7 Million 57.9 Million 5 Thousand
90%
15. Post Malone, Taylor Swift Fortnight 12.1 Million 38.7 Million 1.5 Thousand
70%
3. Kendrick Lamar Not Like Us 41.2 Million 36.8 Million 6.5 Thousand
70%
6. Sabrina Carpenter Please Please Please 33.6 Million 15.5 Million 4.5 Thousand
70%
1. Shaboozey A Bar Song (Tipsy) 42.9 Million 62.3 Million 23 Thousand
60%
8. Benson Boone Beautiful Things 20.2 Million 52.1 Million 5.5 Thousand
60%
11. Billie Eilish Birds Of A Feather 23.1 Million 11.8 Million 3 Thousand
60%
10. Chapell Roan Good Luck, Babe 20.9 Million 15.6 Million 15 Thousand
60%
9. Teddy Swims Lose Control 19.6 Million 55.6 Million 4.5 Thousand
60%
7. Hozier Too Sweet 19.1 Million 69.2 Million 5.5 Thousand
60%
2. Post Malone, Morgan Wallen I Had Some Help 36.8 Million 78.5 Million 13 Thousand
50%
5. Tommy Richman Million Dollar Baby 29.9 Million 62.1 Million 4.5 Thousand
50%
14. Metro Boomin, Future, Kendrick Lamar Like That 15.9 Million 27 Million 0.9 Thousand
40%
13. Zach Bryan Pink Skies 21.5 Million 0.7 Million 5 Thousand
40%
12. Morgan Wallen, ERNEST Cowgirls 17.3 Million 32.4 Million 3.5 Thousand
20%
No matching quizzes found
Score Distribution
Percent of People with Each Score
Percentile by Number Answered
Your Score History
You have not taken this quiz